000 01001nam0a22002531 4500
001 rc\892968
005 20260407072223.0
035 _a(NLR Aleph) 006069358
090 _a4987151
_c4987151
100 _a20041129d1983 |||y0rusy50 ca
101 0 _arus
102 _aRU
105 _ay |||||||||
200 1 _aКинетика и динамика геохимических процессов
_eТез. докл. IV всесоюз. симпоз.
_f[Редкол.: Я.Н. Белевцев (отв. ред.) и др.]
210 _aКиев
_cНаукова думка
_d1983
215 _a206 с.
_d20
300 _aВ надзаг.: АН СССР, АН УССР, Ин-т геохимии и физики минералов, Ин-т геол. наук
702 1 _aБелевцев
_bЯ.Н.
_gЯков Николаевич
_4340
712 0 2 _aАН СССР
_3RU\NLR\AUTH\881046
_9272478
801 0 _aRU
_bNLR
_gpsbo
801 1 _aRU
_bELAR
_2rusmarc
852 _aNLR
_j83-3/7544
942 _cBOOK
980 _aNB